Automatic process control for chemical engineers (Record no. 25223)

000 -LEADER
fixed length control field 00528nam a2200193 4500
001 - CONTROL NUMBER
control field 25223
003 - CONTROL NUMBER IDENTIFIER
control field BD-DhUET
008 - FIXED-LENGTH DATA ELEMENTS--GENERAL INFORMATION
fixed length control field 150304b1956 xxu||||| |||| 00| 0 eng d
040 ## - CATALOGING SOURCE
Original cataloging agency DLC
Transcribing agency DLC
Modifying agency BD-DhUET
082 ## - DEWEY DECIMAL CLASSIFICATION NUMBER
Classification number 660.28
Item number CEA/1956
100 ## - MAIN ENTRY--PERSONAL NAME
Personal name Ceaglaske, Norman H.
245 ## - TITLE STATEMENT
Title Automatic process control for chemical engineers
250 ## - EDITION STATEMENT
Edition statement 1st ed.
260 ## - PUBLICATION, DISTRIBUTION, ETC. (IMPRINT)
Place of publication, distribution, etc. New Delhi
Name of publisher, distributor, etc. Wiley Eastern
Date of publication, distribution, etc. 1956
300 ## - PHYSICAL DESCRIPTION
Extent xiv, 228 p.
Other physical details ill.
Dimensions 23 cm.
504 ## - BIBLIOGRAPHY, ETC. NOTE
Bibliography, etc Includes bibliographies
650 #0 - SUBJECT ADDED ENTRY--TOPICAL TERM
Topical term or geographic name as entry element Chemical engineering
942 ## - ADDED ENTRY ELEMENTS (KOHA)
Koha item type General Book
Holdings
Location (home branch) Withdrawn status Copy number Koha date last seen Damaged status Koha full call number Lost status Date acquired Sublocation or collection (holding branch) Piece designation (barcode) Not for loan Price effective from Source of classification or shelving scheme Koha normalized classification for sorting Shelving location Koha item type
Central Library, BUET 12015-05-13 660.28/CEA/1956 2015-05-13Central Library, BUET32624 2015-05-13 660_280000000000000_CEA_1956Circulation sectionGeneral Book
Central Library, BUET 22015-05-13 660.28/CEA/1956 2015-05-13Central Library, BUET32623 2015-05-13 660_280000000000000_CEA_1956Circulation sectionGeneral Book
Central Library, BUET 32015-05-13 660.28/CEA/1956 2015-05-13Central Library, BUET32622 2015-05-13 660_280000000000000_CEA_1956Circulation sectionGeneral Book
Central Library, BUET 42015-05-13 660.28/CEA/1956 2015-05-13Central Library, BUET32621 2015-05-13 660_280000000000000_CEA_1956Circulation sectionGeneral Book
Central Library, BUET 52015-05-13 660.28/CEA/1956 2015-05-13Central Library, BUET20928 2015-05-13 660_280000000000000_CEA_1956Circulation sectionGeneral Book
Central Library, BUET 62015-05-13 660.28/CEA/1956 2015-05-13Central Library, BUET37310 2015-05-13 660_280000000000000_CEA_1956Circulation sectionGeneral Book
Central Library, BUET 72015-05-13 660.28/CEA/1956 2015-05-13Central Library, BUET32625 2015-05-13 660_280000000000000_CEA_1956Circulation sectionGeneral Book
Central Library, BUET 82015-05-13 660.28/CEA/1956 2015-05-13Central Library, BUET11145 2015-05-13 660_280000000000000_CEA_1956Circulation sectionGeneral Book
Central Library, BUET 92015-05-13 660.28/CEA/1956 2015-05-13Central Library, BUET11148 2015-05-13 660_280000000000000_CEA_1956Circulation sectionGeneral Book
Central Library, BUET 102015-05-13 660.28/CEA/1956 2015-05-13Central Library, BUET11144 2015-05-13 660_280000000000000_CEA_1956Circulation sectionGeneral Book
Central Library, BUET 112015-05-13 660.28/CEA/1956 2015-05-13Central Library, BUET12431 2015-05-13 660_280000000000000_CEA_1956Circulation sectionGeneral Book
Central Library, BUET 122015-05-13 660.28/CEA/1956 2015-05-13Central Library, BUET10151 2015-05-13 660_280000000000000_CEA_1956Circulation sectionGeneral Book